Marañón o una vida fecunda / (Record no. 22897)
[ view plain ]
| 000 -LEADER | |
|---|---|
| campo de control de longitud fija | 00775nam a2200229 i 4500 |
| 001 - NÚMERO DE CONTROL | |
| campo de control | 22897 |
| 003 - IDENTIFICADOR DE NÚMERO DE CONTROL | |
| campo de control | ES-MaACL |
| 005 - FECHA Y HORA DE LA ÚLTIMA TRANSACCIÓN | |
| campo de control | 20230906152757.0 |
| 007 - CAMPO FIJO DE DESCRIPCIÓN FÍSICA--INFORMACIÓN GENERAL | |
| campo de control de longitud fija | t| |
| 008 - DATOS DE LONGITUD FIJA--INFORMACIÓN GENERAL | |
| campo de control de longitud fija | 021205s1952 sp ||||1| spa d |
| 080 ## - NÚMERO DE LA CLASIFICACIÓN DECIMAL UNIVERSAL | |
| Número de la Clasificación Decimal Universal | 929 Marañón, Gregorio |
| 100 1# - ENTRADA PRINCIPAL--NOMBRE DE PERSONA | |
| Nombre de persona | Almodóvar, Francisco Javier. |
| 9 (RLIN) | 20156 |
| 245 10 - MENCIÓN DEL TÍTULO | |
| Título | Marañón o una vida fecunda / |
| Mención de responsabilidad, etc. | Francisco Javier Almodóvar, Enrique Warleta ; carta-prólogo de G. Marañón. |
| 260 ## - PUBLICACIÓN, DISTRIBUCIÓN, ETC. | |
| Lugar de publicación, distribución, etc. | Madrid : |
| Nombre del editor, distribuidor, etc. | Espasa-Calpe, |
| Fecha de publicación, distribución, etc. | 1952. |
| 300 ## - DESCRIPCIÓN FÍSICA | |
| Extensión | XII, 468 p., [10] h. de lám. ; |
| Dimensiones | 21 cm. |
| 599 ## - NOTA A LAS ILUSTRACIONES | |
| NOTA A LAS ILUSTRACIONES | Retr. de Gregorio Marañón |
| 600 14 - PUNTO DE ACCESO ADICIONAL DE MATERIA--NOMBRE DE PERSONA | |
| Nombre de persona | Marañón, Gregorio, |
| Fechas asociadas al nombre | 1887-1960- |
| Subdivisión general | Biografías |
| 9 (RLIN) | 76312 |
| 700 1# - ENTRADA AGREGADA--NOMBRE PERSONAL | |
| Nombre de persona | Warleta, Enrique. |
| 9 (RLIN) | 116102 |
| 852 4# - LOCALIZACIÓN | |
| Ubicación | ES-MaACL |
| Número de control de estantería | D-7690 |
| 852 4# - LOCALIZACIÓN | |
| Ubicación | ES-MaACL |
| Número de control de estantería | D-7846 |
| Estatus retirado | Estado de pérdida | Estado de daño | No para préstamo | Biblioteca de origen | Biblioteca actual | Ubicación en estantería | Fecha de adquisición | Fuente de adquisición | Total de préstamos | Signatura topográfica completa | Código de barras | Visto por última vez | Precio de reemplazo | Tipo de ítem Koha |
|---|---|---|---|---|---|---|---|---|---|---|---|---|---|---|
| Biblioteca del Ateneo de Madrid | Biblioteca del Ateneo de Madrid | Sala Valle Inclán | 17/01/2008 | D-7846 | 901023584 | 23/02/2023 | 23/02/2023 | Libro impreso | ||||||
| Biblioteca del Ateneo de Madrid | Biblioteca del Ateneo de Madrid | Sala Valle Inclán | 17/01/2008 | D-7690 | 901023583 | 23/02/2023 | 23/02/2023 | Libro impreso |
